00602nam a2200181Ia 4500003000900000008004100009040001600050080002400066245012900090260003300219300001300252650002700265650004100292650002500333650001700358700002100375700002400396IN-BaIIA211028s9999 xx 000 0 eng d cIIA Library a047.1:533.33bDEV-5 0aDevelopments in applied spectroscopybvol. 5cedited by L. R. Pearson and Crove E. L.  aNew YorkbPLenum Pressc1966 ax, 408p. aAbsoption spectroscopy aAstronomy and astrophysics Thesaurus aOptical spectroscopy aSpectroscopy aCrove E. L., ed. aPearson, L. R., ed.